00713cam a22002411 45000010005000000030006000050050017000110080041000280100017000690150014000860400024001000500019001240820012001431000028001552450075001832500020002582600027002783000040003055050006003455200084003515210018004355210018004533338FISKH20240228150020.0710408s1968 enk j 000 0 eng  a 68095711  aB68-03701 aDLCcDLCdDLCbeng 00aPZ7.H87398bIr a823.9141 aHughes, Ted,d1930-199814aThe iron man:ba story in five nights;cillustrated by George Adamson. aReprinted 1969  aLondon,bFaber,c1968. a59 pages : c22 cm.billustrations  aM aThe fearsome iron giant becomes a hero when he challenges a huge space monster.8 a750 bLexile 8 aM bRaz-Plus